000 00481ntaaa2200193 4500
003 01
005 20251027201312.0
008 0714s1973 ag 01
020 _a8472286746
040 _aAR-BaBN
_bspa
_cAR-BaBN
_eaacr
_dRIC
082 _a221.9200 M57j
100 _aMeyer, F. B.
_9969
245 _aJosé el amado; odiado y exaltado,
250 _a1 ed.
260 _aTerrassa :
_bClie,
_cc1982
300 _a160 p. ;
_c18 cm.
650 _aBiblia-A.T.-José
_910435
942 _cBK
999 _c7415
_d7415